Logo BPK

Biblioteka

Politechniki Koszalińskiej

Mały słownik włosko-polski / (Rekord nr 12873)

Szczegóły MARC
000 -ETYKIETA REKORDU
podpole kontrolne o stałej długości 01389nam a2200337 i 4500
001 - NUMER KONTROLNY REKORDU
pole kontrolne 12873
003 - IDENTYFIKATOR NUMERU KONTROLNEGO REKORDU
podpole kontrolne KOSZ 005
005 - DATA OSTATNIEJ MODYFIKACJI REKORDU
podpole kontrolne 20220614095107.0
008 - POLE O STAŁEJ DŁUGOŚCI - DANE KONTROLNE
podpole kontrolne o stałej długości 071029s1968 pl g d 000 0 pol
015 ## - NUMER BIBLIOGRAFII NARODOWEJ
Numer bibliografii narodowej PB 1968/5069
040 ## - ŹRÓDŁO KATALOGOWANIA
Instytucja, która sporządziła opis WA N
Instytucja, która utworzyła rekord KOSZ 005/RW
Instytucja, która dokonała modyfikacji KOSZ 005/RW
041 0# - KOD JĘZYKA
Kod języka tekstu pol
-- ita
080 ## - UNIWERSALNA KLASYFIKACJA DZIESIĘTNA - UKD
UKD 808.4-3:805.0-3
100 1# - NAZWA OSOBOWA
Nazwa osobowa Soja, Stanisław
Dopowiedzenie (filolog).
Określenie rodzaju współpracy Autor
245 10 - TYTUŁ/ODPOWIEDZIALNOŚĆ
Tytuł Mały słownik włosko-polski /
Pozostałe elementy strefy tytułu i oznaczenia odpowiedzialności Stanisław Soja, Zbigniew Zawadzki.
246 15 - WARIANT TYTUŁU
Tytuł Piccolo dizionario italiano-polacco.
250 ## - STREFA WYDANIA
Oznaczenie wydania Wyd. 2.
260 ## - STREFA ADRESU WYDAWNICZEGO
Miejsce wydania Warszawa :
Nazwa wydawcy/dystrybutora "Wiedza Powszechna",
Data publikacji, dystrybucji/powstania dokumentu 1968.
300 ## - STREFA OPISU FIZYCZNEGO
Objętość 932 s. wiele liczb. ;
Rozmiary 18cm.
380 ## - FORMA I TYP PUBLIKACJI
Forma i typ publikacji Książki.
500 ## - UWAGI OGÓLNE
Tekst uwagi Druk z klisz.
501 ## - UWAGA DOTYCZĄCA PRAC WSPÓŁWYDANYCH
Tekst uwagi Współwyd. w kierunku przeciwstawnym: Piccolo dizionario polacco-italiano / Stanisław Soja, Celeste Zawadzka, Zbigniew Zawadzki.
655 #4 - TERMIN INDEKSOWY - OKREŚLENIE RODZAJU/FORMY DOKUMENTU
Określenie rodzaju/formy dokumentu Słownik włosko-polski
700 12 - HASŁO DODATKOWE - NAZWA OSOBOWA
Nazwa osobowa Soja, Stanisław
Dopowiedzenie (filolog).
Tytuł dzieła Mały słownik włosko-polski.
700 1# - HASŁO DODATKOWE - NAZWA OSOBOWA
Nazwa osobowa Zawadzka, Celeste
Daty związane z nazwą (1922-2015).
Określenie związku między hasłem a opisywanym materiałem Autor.
700 1# - HASŁO DODATKOWE - NAZWA OSOBOWA
Nazwa osobowa Soja, Stanisław
Dopowiedzenie (filolog).
Tytuł dzieła Piccolo dizionario polacco-italiano.
700 1# - HASŁO DODATKOWE - NAZWA OSOBOWA
Nazwa osobowa Zawadzki, Zbigniew
Daty związane z nazwą (?-2007)
Określenie związku między hasłem a opisywanym materiałem Autor
710 2# - HASŁO DODATKOWE - NAZWA CIAŁA ZBIOROWEGO
Nazwa ciała zbiorowego lub jednostki geograficznej Państwowe Wydawnictwo Wiedza Powszechna
Kod określenia powiązania pbl.
856 ## - LOKALIZACJA I DOSTĘP DO ELEKTRONICZNYCH DOKUMENTÓW ZDALNYCH
Link (URL) http://koha.tu.koszalin.pl/cgi-bin/koha/opac-detail.pl?biblionumber=12873
Tekst linku Katalog online BPK
942 ## - DODATKOWE ELEMENTY (KOHA)
Schemat klasyfikacji Uniwersalna Klasyfikacja Dziesiętna
Typ dokumentu Książka
Egzemplarze
Wycofany Status egzemplarza Uszkodzony Dostępność Lokalizacja stała Lokalizacja bieżąca Miejsce przechowywania Sygnatura Kod kreskowy Typ dokumentu
      Dostępny Biblioteka Politechniki Koszalińskiej Biblioteka Politechniki Koszalińskiej Wypożyczalnia BG 7879 01809206 Książka
© 2023 Biblioteka Politechniki Koszalińskiej :: KOHA